| 000 | 00449nam a2200181Ia 4500 | ||
|---|---|---|---|
| 008 | 180207s9999 xx 000 0 und d | ||
| 020 | _a9780931093104 | ||
| 050 | _bW266 1988 | ||
| 100 | _aWardlaw, Lee | ||
| 245 | 4 | _aThe eye and I / | |
| 245 | _cstory by Lee Wardlaw ; illustrated by Kim Mulkey. | ||
| 260 | _aOhio : | ||
| 260 | _bRed Hen Press, | ||
| 260 | _c1988 | ||
| 300 | _a65 pages : | ||
| 300 | _billustrations ; | ||
| 300 | _c21cm. | ||
| 999 |
_c355695 _d355695 |
||